000
00332nam a2200133Ia 4500
008
240624s9999 xx 000 0 und d
041
_a
eng
082
_a
330 PUT
100
_a
PUTNAM BLUFORD H
245
_a
ECONOMICS GONE ASTRAY
260
_c
2019
_a
New Jersey
_b
WS Professional
300
_a
xxii, 250 p.; 23 cm.
365
_c
_b
25
999
_c
31977
_d
31977